A dictionary of Roman coins : Republican and imperial /

محفوظ في:

المؤلف الرئيسي: Stevenson, Seth William, 1784-1853 (مؤلف)

مؤلفون آخرون: Smith, Charles Roach, 1807-1890., Madden, Frederic William.

التنسيق: كتاب

اللغة: English

منشور في: London : Seaby, 1964.

الموضوعات:

الوسوم: إضافة وسم

لا توجد وسوم, كن أول من يضع وسما على هذه التسجيلة!

رقم الطلب: CJ829 .S8 1964

LEADER 00985namaa2200241 4500
003 OSt
005 20251106095447.0
008 130303s1964 enka d 000 0 eng d
010 |a 01025230 
040 |c ARCE Library 
050 4 |a CJ829 .S8 1964 
100 1 |a Stevenson, Seth William,  |d 1784-1853,  |e author 
245 1 2 |a A dictionary of Roman coins :   |b Republican and imperial /  |c commenced by the late Seth William Stevenson ; revised, in part by C. Roach Smith, and completed by Frederic W. Madden ; illustrated by upwards of seven hundred engravings on wood, chiefly executed by the late F. W. Fairholt. 
264 1 |a London :  |b Seaby,  |c 1964. 
300 |a viii, 929 pages :  |b illustrations ;  |c 25 cm. 
500 |a Reprint of the 1889 ed. published by G. Bell, London. 
650 0 |a Numismatics, Roman  |v Dictionaries. 
650 0 |a Numismatics. 
700 1 |a Smith, Charles Roach,  |d 1807-1890. 
700 1 |a Madden, Frederic William. 
901 |a reviewed 
942 |c BK  |2 lcc 
999 |c 613  |d 613